000 00417nam a22001697a 4500
005 20160503111709.0
008 160503b xxu||||| |||| 00| 0 eng d
020 _a81-2970097-2
041 _aeng
082 _b1183
100 _aAwad M. Elias Ghaziri M. Hassan
_9398
245 _aKhowledge Management
260 _aNew Delhi
_bPearson Education,
_c2004
300 _a455
650 _aManagement
_9241
942 _cBK
999 _c471
_d471